000 00613nam a2200181Ia 4500
008 090123s9999 xx 000 0 und d
082 _b36832
_a891.463/नाईक
100 _aनाईक गुरूनाथ
245 _aतुझे आभाळाचे देणे
250 _a1
260 _bशिवम प्रकाशन
_c2004
300 _a230
600 _aनाईक गुरूनाथ
630 _aतुझे आभाळाचे देणे
700 _aनाईक गुरूनाथ
730 _aतुझे आभाळाचे देणे
942 _cBOOK
999 _c74899
_d74899